Normal view
MARC view
- Imam, Mir Jaffar.
Entry Personal Name
001 - CONTROL NUMBER
- control field: 3585
003 - CONTROL NUMBER IDENTIFIER
- control field: NUST
005 - DATE AND TIME OF LATEST TRANSACTION
- control field: 20170726162616.0
008 - FIXED-LENGTH DATA ELEMENTS
- fixed length control field: 170726|| aca||aabn | a|a d
040 ## - CATALOGING SOURCE
- Original cataloging agency: NUST
- Transcribing agency: NUST
100 ## - HEADING--PERSONAL NAME
- Personal name: Imam, Mir Jaffar.
670 ## - SOURCE DATA FOUND
- Source citation: Work cat.: (NUST)0: Ghalib, Mirza Asadullah Khan, 1797-1869. 3145, Mirza Ghalib and the Mirs of Gujarat /, 2003.
